भारतीय नीतिदर्शन / (Record no. 119985)

MARC details
000 -LEADER
fixed length control field 01215nam a22002657a 4500
005 - DATE AND TIME OF LATEST TRANSACTION
control field 20170124103151.0
010 ## - LIBRARY OF CONGRESS CONTROL NUMBER
LC control number A-932197
020 ## - INTERNATIONAL STANDARD BOOK NUMBER
Terms of availability 250.00
International Standard Book Number 8186120424
035 ## - SYSTEM CONTROL NUMBER
System control number A-932197
037 ## - SOURCE OF ACQUISITION
Source of stock number/acquisition Cen Lib/Ret
040 ## - CATALOGING SOURCE
Original cataloging agency DPL
Language of cataloging HN
082 ## - DEWEY DECIMAL CLASSIFICATION NUMBER
Classification number 170.954
Item number शुकदे
100 ## - MAIN ENTRY--PERSONAL NAME
Personal name शुकदेव शास्त्री
9 (RLIN) 87974
245 ## - TITLE STATEMENT
Title भारतीय नीतिदर्शन /
Statement of responsibility, etc शुकदेव शास्त्री
246 ## - VARYING FORM OF TITLE
Title proper/short title Bhartiya nitidarshan /
Remainder of title by Shukdev Shastri
260 ## - PUBLICATION, DISTRIBUTION, ETC. (IMPRINT)
Place of publication, distribution, etc जयपुर
Name of publisher, distributor, etc हंसा प्रकाशन
Date of publication, distribution, etc 1997
270 ## - ADDRESS
Address 57, नाटाणी भवन, रास्ता
City जयपुर
Postal code 302001
300 ## - PHYSICAL DESCRIPTION
Extent 264पृ.
Dimensions 21सेमी (सजिल्द)
500 ## - GENERAL NOTE
General note सन्दर्भ सूची और परिशिष्ट शामिल
650 ## - SUBJECT ADDED ENTRY--TOPICAL TERM
Topical term or geographic name as entry element निति और नीतिशास्त्र--भारत
9 (RLIN) 87975
650 ## - SUBJECT ADDED ENTRY--TOPICAL TERM
Topical term or geographic name as entry element मनोविज्ञान--भारतीय निति परमपरा
9 (RLIN) 87976
650 ## - SUBJECT ADDED ENTRY--TOPICAL TERM
Topical term or geographic name as entry element Policy and Ethics - India
9 (RLIN) 87977
650 ## - SUBJECT ADDED ENTRY--TOPICAL TERM
Topical term or geographic name as entry element Psychology--Indian policy legacy
9 (RLIN) 87978
942 ## - ADDED ENTRY ELEMENTS (KOHA)
Source of classification or shelving scheme Dewey Decimal Classification
Koha item type Hindi Books
Classification part 170.954
Call number suffix शुकदे
Holdings
Withdrawn status Lost status Damaged status Not for loan Home library Current library Date acquired Source of acquisition Cost, normal purchase price Total Checkouts Full call number Barcode Date last seen Date checked out Copy number Cost, replacement price Price effective from Koha item type
        Central Library Central Library 19/09/2015 Cen Lib/Ret 250.00 1 170.954 शुकदे A-932197 22/05/2019 13/05/2019 1 250.00 19/09/2015 Hindi Books

© Delhi Public Library
Hit Counter
free hit counter